Cerita-cerita yang menambah pengajaran (tamil)

Bibliographic Details
Main Author: Jeyavarshini
Format: Book
Published: Nagamai : Chennai , 2004
Subjects:

MARC

LEADER 00000cam a2200000 7i4500
001 0000021560
005 20151222.0
008 080721
020 |a RM18.00 
090 0 0 |a JEY   |b TAM 
100 1 |a Jeyavarshini 
245 1 0 |a Cerita-cerita yang menambah pengajaran (tamil)   |c Jeyavarshini 
260 |a Nagamai :   |b Chennai ,   |c 2004 
500 |a Children ages 10-12 years old (pink) 
650 0 |a Short stories, tamil 
650 0 |a Short stories   |x Juvenile literature 
999 |a 0001031292   |b Book   |c Tamil Collection   |e Cawangan Tmn. Ungku Tun Aminah 
999 |a 0001031293   |b Book   |c Tamil Collection   |e Perbadanan Perpustakaan Awam Johor 
999 |a 0001031294   |b Book   |c Tamil Collection   |e Perbadanan Perpustakaan Awam Johor